Random Simpsons Characters by Picture - Statistics

General Stats
  • This quiz has been taken 1,325 times
  • The average score is 12 of 20
Answer Stats
Picture Answer % Correct
Homer Simpson
99%
Mr. Burns
99%
Bart Simpson
98%
Lisa Simpson
97%
Nelson Muntz
97%
Abe Simpson
96%
Krusty the Clown
96%
Marge Simpson
96%
Maggie Simpson
95%
Moe Szyslak
95%
Comic Book Guy
93%
Otto Mann
93%
Waylon Smithers
93%
Lenny Leonard
91%
Milhouse Van Houten
91%
Mrs. Krabappel
91%
Carl Carlson
90%
Groundskeeper Willie
90%
Itchy
90%
Ned Flanders
90%
Ralph Wiggum
90%
Apu Nahasapeemapetilon
89%
Mayor Quimby
89%
Principal Skinner
89%
Scratchy
89%
Sideshow Bob
89%
Barney Gumble
88%
Chief Wiggum
87%
Patty Bouvier
87%
Snake Jailbird
84%
Superintendent Chalmers
83%
Fat Tony
82%
Kent Brockman
82%
Selma Bouvier
82%
Disco Stu
81%
Hans Moleman
80%
Martin Prince
80%
Rod Flanders
78%
Sherri and Terri Mackleberry
77%
Jimbo Jones
76%
Todd Flanders
76%
Bleeding Gums Murphy
75%
Reverend Lovejoy
75%
Luigi Risotto
74%
Dr. Hibbert
73%
Cletus Spuckler
72%
Crazy Cat Lady
72%
Sideshow Mel
71%
Dr. Nick Riviera
69%
Maude Flanders
68%
Ms. Hoover
66%
Bumblebee Man
64%
Lou
64%
Cookie Kwan
62%
Helen Lovejoy
62%
Professor Frink
61%
Herb Powell
60%
Artie Ziff
58%
Gil Gunderson
57%
Rainier Wolfcastle
56%
Frank Grimes
55%
Kirk Van Houten
54%
Lionel Hutz
54%
Üter Zörker
53%
Lunchlady Doris
51%
Troy McClure
50%
Kearney Zzyzwicz
49%
Agnes Skinner
48%
Jasper Beardsley
48%
Luann Van Houten
48%
Manjula Nahasapeemapetilon
48%
Rich Texan
48%
Hank Scorpio
45%
Brandine Spuckler
44%
The Sea Captain
42%
Drederick Tatum
41%
Lurleen Lumpkin
41%
Janey Powell
40%
Dolph Starbeam
39%
Eddie
39%
Johnny Tightlips
39%
Dr. Marvin Monroe
35%
Mr. Teeny
34%
Database
33%
Wendell Borton
32%
Dewey Largo
31%
Louie Walters
30%
Herman Hermann
28%
Blue-Haired Lawyer
27%
Jacqueline Bouvier
27%
Legs
27%
Squeaky-Voiced Teen
27%
Sanjay Nahasapeemapetilon
25%
Ling Bouvier
24%
Akira
23%
Lindsey Naegle
22%
Larry
21%
Judge Roy Snyder
16%
Coach Krupt
15%
Kumiko Albertson
11%
J. Loren Pryor
10%
Sam
10%
No matching quizzes found
Score Distribution
Percent of People with Each Score
Percentile by Number Answered
Your Score History
You have not taken this quiz